00392nam a2200121Ia 4500008004100000020001800041050002200059100003000081245007600111260001600187300001000203650005700213120626s9999 xx 000 0 und d a968-740-459-0 aKGF4440 A311 2006 aLeyes y codigos de Mexico aLey de profesiones. Legislacion en materia de educacion y profesiones/ aMexico: PAC a93 p. a1. Profesiones - Leyes y legislacion - MexicoÌÌ